Responses for show #7168 - Wednesday, November 11, 2015

2015 Tournament of Champions quarterfinal game 3.

WE ASKED: Actor Eric Stonestreet.

Contestants

Jennifer Giles, a third grade teacher from Longmont, Colorado

John Schultz, a computer programmer from Ann Arbor, Michigan

Matt Jackson, a paralegal from Washington, D.C.

Jeopardy! Round responses

PRESIDENTS BY WON-LOST RECORD
FASHION
IT BORDERS CHINA
TECHNOLOGY MILESTONES
F-STOP
(Alex: Each correct response will end with the letter "F".)
VETERANS
(Eric Stonestreet: I'm Eric Stonestreet of Modern Family here to present [*], a category honoring service men and women on this Veterans Day.)
    $200 30
(Alex: ...our thanks, of course, to Eric Stonestreet and the Got Your 6 group for helping us out with that VETERANS category.)

FDR (Franklin Roosevelt)

John
    $200 26
(Matt: What is [*]? A belt, yeah.)
(Alex: [*] is right, yes.)

a sash

Matt
    $200 16
Mongolia

John
    $200 29
(John: What's a telescope?)

a microscope

MattJohn
    $200 4
scruff

Matt
    $200 28
the American Civil War

Matt
    $400 24
Eisenhower

Matt
    $400 25
(Jennifer: What is cambric?)

gingham

JohnJennifer
    $400 17
North Korea

Matt
    $400 14
Steve Jobs

Matt
    $400 5
a motif

Jennifer
    $400 27
the G.I. Bill

Matt
    $600 23
Cleveland

John
    $600 1
(Jennifer: What is Lucky Star?)

Material Girl

Jennifer
Triple Stumper
    $600 18
Pakistan

Matt
    $600 10
Polaroid

Matt
    $600 6
Riff Raff

Matt
    $600 9
Ronald Reagan

John
    $800 22
Hayes

Matt
    $800 2
Mary Jane

Jennifer
    $800 19
Laos

Matt
    $2,000 12
debug

John
    $800 7
doff

Matt
    $800 11
the Bonus Army

John
    $1000 21
Gerald Ford (or Millard Fillmore)

John
    $1000 3
culottes

John
    $1000 20
Burma (or Myanmar)

Matt
    $1000 13
@

John
    $1000 8
debrief

Matt
    $1000 15
6

Jennifer

Scores at the first commercial break (after clue 15):

Matt John Jennifer
$3,600 $5,400 $1,600

Scores at the end of the Jeopardy! Round:

Matt John Jennifer
$8,600 $7,600 $1,200

Double Jeopardy! Round responses

DINOSAURS
WHODUNIT?
FAMILIAR SOUNDING TRIPLES
RULE OF LAW
MEDIEVAL LITERATURE
VETERANS DAY FILM FESTIVAL
    $400 28
Triceratops

Jennifer
    $400 29
Al Capone

Matt
    $400 30
Locke, stock & barrel

Matt
    $400 26
Evidence

Matt
    $400 1
Guinevere

Matt
    $400 27
Saving Private Ryan

John
    $3,000 25
Brontosaurus

John
    $800 24
Bernie Madoff

John
    $800 8
tinker, Evers & Chance

Matt
    $800 23
the CEO

Matt
    $800 2
Iceland

John
    $800 22
The Hurt Locker

Matt
    $1200 13
Indominus rex

Triple Stumper
    $1200 9
Quisling

Matt
    $1200 5
(Matt: Groan.)

Emerson, Lake & Palmer

Triple Stumper
    $1200 16
leniently

Matt
    $1200 3
the cross

Matt
    $1200 19
a tank

John
    $1600 14
eggs

Jennifer
    $1600 10
Whitey Bulger

Jennifer
    $1600 6
(Alex: Matt, do you wanna stay with it?)
(Matt: Yeah, let's get them out of the way.)

Alvin, Simon & Theodore

Triple Stumper
    $1600 17
the (state) bar (association)

Matt
    $5,100 4
Petrarch

Matt
    $1600 20
Glory

Jennifer
    $2000 15
a brachiosaurus

John
    $2000 11
(Alex: In the nick of time. Pick again.)

Ford

Jennifer
    $2000 7
stop, drop & role

Jennifer
    $2000 18
copyright protection

Triple Stumper
    $2000 12
Roland

Matt
    $2000 21
The Great Escape

John

Scores at the end of the Double Jeopardy! Round:

Matt John Jennifer
$24,900 $17,800 $10,400

Final Jeopardy! Round responses

ABBREVIATIONS
JenniferWhat is idem.
$6,600
JohnWhat is i
$2,800
MattWhat is Trad?
$2
PC

Final scores:

Matt John Jennifer
$24,898 $15,000 $3,800
Automatic semifinalist 2nd place: $5,000 if eliminated 3rd place: $5,000 if eliminated

Game dynamics:

Coryat scores:

Matt John Jennifer
$21,400 $14,400 $10,400
29 R
(including 1 DD),
0 W
17 R
(including 2 DDs),
1 W
9 R,
2 W

Combined Coryat: $46,200

The J! Archive is created by fans, for fans. The Jeopardy! game show and all elements thereof, including but not limited to copyright and trademark thereto, are the property of Jeopardy Productions, Inc. and are protected under law. This website is not affiliated with, sponsored by, or operated by Jeopardy Productions, Inc. Join the discussion at JBoard.tv.